North America by Capital Quiz Stats

 Plays Quiz Updated Mar 21, 2018

Score 0/23 Timer 05:00
8 Plays Today
Capital Country % Correct
Mexico CityMexico
96%
Washington, D.C.United States
95.7%
Panama CityPanama
95%
Guatemala CityGuatemala
93.9%
OttawaCanada
93.9%
HavanaCuba
93.1%
KingstonJamaica
87.4%
San SalvadorEl Salvador
86.5%
Port-au-PrinceHaiti
82.2%
NassauBahamas
78.5%
Santo DomingoDominican Republic
74.8%
San JoseCosta Rica
67%
Capital Country % Correct
ManaguaNicaragua
66.1%
TegucigalpaHonduras
64%
BelmopanBelize
56.5%
Port of SpainTrinidad and Tobago
52.4%
BridgetownBarbados
50.4%
RoseauDominica
45%
CastriesSaint Lucia
44.4%
BasseterreSaint Kitts and Nevis
43.8%
St. George'sGrenada
42.9%
KingstownSaint Vincent and the Grenadines
41.9%
St. John'sAntigua and Barbuda
41.6%

You're not logged in!

Compare scores with friends on all Sporcle quizzes.
OR
Log In

Sporcle TV

Today on Sporcle TV


Watch our educational content, quiz creation guides, and fun videos on Sporcle TV.

Show Comments

Extras

Top Quizzes Today


Score Distribution

Your Account Isn't Verified!

In order to create a playlist on Sporcle, you need to verify the email address you used during registration. Go to your Sporcle Settings to finish the process.

Report this User

Report this user for behavior that violates our Community Guidelines.

Details: